Product development and innovations: a twisty road for marketers
Typy inovácií v teórii vývoja produktu. Jednoduchosť produktu pre viacero krajín s protichodnými zákazníckymi požiadavkami. Inovačné kritériá štúdie: odlišnosť, relevantnosť a trvácnosť produktu.
Guardado en:
| Autor principal: | |
|---|---|
| Formato: | Capítulo de libro |
| Lenguaje: | inglés |
| Materias: | |
| Etiquetas: |
Sin Etiquetas, Sea el primero en etiquetar este registro!
|
MARC
| LEADER | 00000nla a2200000 4500 | ||
|---|---|---|---|
| 001 | 0197302 | ||
| 005 | 20240502073333.0 | ||
| 041 | 0 | |a eng | |
| 044 | |a SK | ||
| 245 | 1 | 0 | |a Product development and innovations: a twisty road for marketers |c Ladislav Faith |
| 520 | |a Typy inovácií v teórii vývoja produktu. Jednoduchosť produktu pre viacero krajín s protichodnými zákazníckymi požiadavkami. Inovačné kritériá štúdie: odlišnosť, relevantnosť a trvácnosť produktu. | ||
| 610 | 2 | 0 | |a vývoj výrobku |
| 610 | 2 | 0 | |a inovácia výrobkov |
| 610 | 2 | 0 | |a marketing |
| 610 | 2 | 0 | |a prieskum trhu |
| 610 | 2 | 0 | |a preferencie spotrebiteľské |
| 100 | 1 | |a Faith, Ladislav | |